Agroforestry systems in Viet Nam

সংরক্ষণ করুন:
গ্রন্থ-পঞ্জীর বিবরন
প্রধান লেখক: Vu Biet Linh
বিন্যাস: গ্রন্থ
ভাষা:Undetermined
প্রকাশিত: H. Agricultural Publishing House 1995
বিষয়গুলি:
ট্যাগগুলো: ট্যাগ যুক্ত করুন
কোনো ট্যাগ নেই, প্রথমজন হিসাবে ট্যাগ করুন!
Thư viện lưu trữ: Trung tâm Học liệu Trường Đại học Cần Thơ
LEADER 00555nam a2200193Ia 4500
001 CTU_55427
008 210402s9999 xx 000 0 und d
020 |b 45000 
082 |a 634.99 
082 |b L312 
100 |a Vu Biet Linh 
245 0 |a Agroforestry systems in Viet Nam 
245 0 |c Vu Biet Linh and Nguyen Ngoc Binh 
260 |a H. 
260 |b Agricultural Publishing House 
260 |c 1995 
650 |a agriculture,agroforestry,cropping systems 
650 |x economic aspects 
980 |a Trung tâm Học liệu Trường Đại học Cần Thơ